000 00626cam a2200181 4500
001 ABS60949
008 000000n1999 000 0 eng u
035 _a(Sirsi) u101494
100 _aCollar, N.
245 _aRetail development involving local authority land.
260 _c1999
490 _aProperty Law
_v(40) July 1999, 1-4(4)
520 _aIllustrates difficulties encountered by Scottish developers in persuading local authorities to grant planning permission on land owned by the local authority
650 _aSCOTLAND
650 _aLOCAL AUTHORITIES
690 _aPROPERTY-PROPERTY DEVELOPMENT
942 _n0
999 _c60627
_d60627